| 000 | 01614nam a2200373 i 4500 | ||
|---|---|---|---|
| 999 |
_c4033 _d4033 |
||
| 003 | 0 | ||
| 005 | 20250107134145.0 | ||
| 008 | 191029s2018 nyua j 000 1 eng d | ||
| 020 | _a9781338034752 | ||
| 040 |
_aCaOL _erda _c0 _dKH8 |
||
| 100 | 1 |
_aFlintham, Thomas, _eauthor, _eillustrator. |
|
| 245 | 1 | 0 |
_aPress Start! _pSuper Rabbit Boy vs. Super Rabbit Boss! / _cThomas Flintham. |
| 246 | 3 | 3 |
_aPress Start! _pSuper Rabbit Boy versus Super Rabbit Boss. |
| 246 | 3 | 3 | _aSuper Rabbit Boy versus Super Rabbit Boss. |
| 246 | 3 | 0 | _aSuper Rabbit Boy vs. Super Rabbit Boss. |
| 264 | 1 |
_aNew York : _bBranches/Scholastic Inc., _c[2018] |
|
| 264 | 4 | _c©2018. | |
| 336 |
_atext _btxt _2rdacontent. |
||
| 336 |
_astill image _bsti _2rdacontent. |
||
| 337 |
_aunmediated _bn _2rdamedia. |
||
| 338 |
_avolume _bnc _2rdacarrier. |
||
| 490 | 1 |
_aPress start! ; _v4. |
|
| 490 | 1 | _aBranches (Scholastic Inc.) | |
| 520 | _aSuper Rabbit Boy falls down a pipe and discovers himself in a mirror reality where everyone good is now evil, including his mirror self, Super Rabbit Boss, and he must make friends with King Viking (now one of the good guys) and somehow defeat his alter ego in order to save this world--and somehow find a way back to his own reality. | ||
| 650 | 0 |
_aSuperheroes _vJuvenile fiction. |
|
| 650 | 0 |
_aSupervillains _vJuvenile fiction. |
|
| 650 | 0 |
_aAnimals _vJuvenile fiction. |
|
| 650 | 0 |
_aVideo games _vJuvenile fiction. |
|
| 650 | 0 |
_aAction and adventure fiction. _2genre. |
|
| 650 | 0 |
_aSuperhero fiction. _2genre. |
|
| 830 | 0 | _aBranches (Scholastic Inc.) | |
| 830 | 0 |
_aPress start! ; _v4. |
|
| 942 |
_2ddc _cBK |
||